000 00679nam a2200241 a 4500
001 68226
003 BD-RjUL
005 20211209081738.0
008 170401s1955 enk |||| |||| 001 0 eng d
035 _a(BD-RjUL)68436
040 _aBD-RjUL
_beng
_cBD-RjUL
_dBD-RjUL
041 _aeng
082 _223
_a530.15
_bCOM 1955
100 _aCourant, R.
_9202257
245 _aMethods Of Mathematical Physics /
_bR.Courant & D.Hilbert
260 _aLondon :
_bInterscience,
_cc1937 [Printing 1955]
300 _aV. p. ;
_c22 cm.
500 _aIncludes Index.
505 0 _aVol. 1 --
650 _aMathematical Physics
_9202258
700 _aHilbert, D.
_9202259
942 _2ddc
_cBK
999 _c68226
_d68226